[Event "Oberfranken-ch"]
[Site "Kronach"]
[Date "2023.11.03"]
[Round "3"]
[White "Stierhof, Michael"]
[Black "Zeitler, Hans Juergen"]
[Result "1-0"]
[WhiteElo "2010"]
[BlackElo "1955"]
[PlyCount "55"]
[EventDate "2023.11.02"]
[EventType "swiss"]
[EventRounds "7"]
[EventCountry "GER"]
[SourceTitle "CB46_2023"]
[SourceDate "2023.11.15"]
[SourceVersion "1"]
[SourceVersionDate "2023.11.15"]
[SourceQuality "1"]

1. e4 c5 2. c3 d5 3. exd5 Qxd5 4. d4 e5 5. dxe5 Qxd1+ 6. Kxd1 Nc6 7. f4 Bg4+ 8. Be2 0-0-0+ 9. Nd2 Bxe2+ 10. Nxe2 g5 11. fxg5 Nxe5 12. Kc2 f6 13. Ne4 Be7 14. Rf1 fxg5 15. Rf5 Nd7 16. Bxg5 Bxg5 17. Rxg5 Nh6 18. Nxc5 Rde8 19. Nf4 Rhf8 20. g3 Ne5 21. Nce6 Rf5 22. Rxf5 Nxf5 23. Re1 Ng4 24. h3 Nf2 25. Re2 Nh1 26. g4 Nhg3 27. gxf5 Nxe2 28. Nxe2 1-0

[Event "Oberfranken-ch"]
[Site "Kronach"]
[Date "2023.11.02"]
[Round "1"]
[White "Loew, Gerald"]
[Black "Zeitler, Hans Juergen"]
[Result "1-0"]
[WhiteElo "2147"]
[BlackElo "1955"]
[PlyCount "91"]
[EventDate "2023.11.02"]
[EventType "swiss"]
[EventRounds "7"]
[EventCountry "GER"]
[SourceTitle "CB46_2023"]
[SourceDate "2023.11.15"]
[SourceVersion "1"]
[SourceVersionDate "2023.11.15"]
[SourceQuality "1"]

1. c4 f5 2. g3 Nf6 3. Bg2 g6 4. Nc3 Bg7 5. d3 0-0 6. e4 d6 7. Nge2 Nc6 8. 0-0 Bd7 9. h3 e5 10. Nd5 Ne7 11. Bg5 Nexd5 12. cxd5 h6 13. Be3 c6 14. Qd2 Kh7 15. Rac1 c5 16. b4 b6 17. bxc5 bxc5 18. f4 Nh5 19. Kh2 Rb8 20. exf5 gxf5 21. fxe5 Bxe5 22. Nf4 Rb2 23. Rc2 Rxc2 24. Qxc2 Nxf4 25. Bxf4 Qf6 26. Qb3 Rf7 27. Qc4 Rg7 28. Rb1 Be8 29. Rb8 Bh5 30. Bxe5 Qxe5 31. Qf4 Qxf4 32. gxf4 Be2 33. Rd8 Bxd3 34. Rxd6 c4 35. Rc6 Rd7 36. Kg3 Kg7 37. Kf2 Bb1 38. a3 Bd3 39. Bf3 Kh7 40. Ke3 Kg7 41. Kd4 Bf1 42. h4 Kh7 43. d6 Kg6 44. Ke5 Rd8 45. Rc7 Bd3 46. h5# 1-0

[Event "Regionalliga Nord-Ost 1718"]
[Site "Bayern"]
[Date "2018.04.15"]
[Round "9.8"]
[White "Muehling, Werner"]
[Black "Zeitler, Hans Juergen"]
[Result "1-0"]
[WhiteElo "2030"]
[BlackElo "1861"]
[PlyCount "53"]
[EventDate "2017.10.22"]
[EventType "team-tourn"]
[EventRounds "9"]
[EventCountry "GER"]
[SourceTitle "EXT 2022"]
[Source "ChessBase"]
[SourceDate "2021.10.06"]
[SourceVersion "1"]
[SourceVersionDate "2021.10.06"]
[SourceQuality "1"]
[WhiteTeam "Schwandorf"]
[BlackTeam "Nuernberg SK 1911"]
[WhiteTeamCountry "GER"]
[BlackTeamCountry "GER"]

1. d4 f5 2. e4 fxe4 3. Nc3 Nf6 4. Bg5 Nc6 5. d5 Ne5 6. Qe2 d6 7. h3 c6 8. f4 exf3 9. Nxf3 Nxf3+ 10. Qxf3 Bd7 11. Bc4 cxd5 12. Nxd5 Qa5+ 13. b4 Qd8 14. 0-0 Bc6 15. Bxf6 gxf6 16. Qh5+ Kd7 17. Qg4+ Ke8 18. Qh5+ Kd7 19. Qf5+ Ke8 20. Nxf6+ exf6 21. Rae1+ Be7 22. Qxf6 Kd7 23. Qe6+ Ke8 24. Rf7 Qb6+ 25. Kh2 Kd8 26. Qxe7+ Kc8 27. Qxd6 1-0

[Event "Pyramiden Franken Cup"]
[Site "Fuerth"]
[Date "2014.09.07"]
[Round "6"]
[White "Zeitler, Hans Juergen"]
[Black "Schrems, Hermann"]
[Result "0-1"]
[WhiteElo "1928"]
[BlackElo "2129"]
[PlyCount "84"]
[EventDate "2014.09.04"]
[EventType "swiss"]
[EventRounds "7"]
[EventCountry "GER"]
[SourceTitle "CBM 162 Extra"]
[Source "ChessBase"]
[SourceDate "2014.10.17"]
[SourceVersion "1"]
[SourceVersionDate "2014.10.17"]
[SourceQuality "1"]

1. d4 Nf6 2. c4 c5 3. d5 b5 4. cxb5 a6 5. Nc3 axb5 6. e4 b4 7. Nb5 d6 8. Nf3 Nbd7 9. Bf4 Nb6 10. e5 Nfxd5 11. exd6 exd6 12. Qe2+ Be6 13. Bg3 Be7 14. Qd2 0-0 15. Be2 h6 16. 0-0 Qd7 17. Rfd1 Rfb8 18. a3 bxa3 19. Nxa3 Nc8 20. Nc4 Rxa1 21. Rxa1 Nf6 22. Rd1 Ne4 23. Qc2 Nxg3 24. hxg3 Qc7 25. Rd2 Bf6 26. Qe4 d5 27. Rxd5 Bxd5 28. Qxd5 Ne7 29. Qh5 Bxb2 30. Nxb2 Rxb2 31. Bc4 Nc8 32. Be6 Nd6 33. Bd5 c4 34. Qe5 c3 35. Bxf7+ Kxf7 36. Qd5+ Kf8 37. Ne5 Nf7 38. Ng6+ Kg8 39. Qe6 Rb8 40. Ne7+ Qxe7 41. Qxe7 c2 42. Qc7 Rb1+ 0-1

[Event "Pyramiden Franken Cup"]
[Site "Fuerth"]
[Date "2014.09.05"]
[Round "3"]
[White "Zeitler, Hans Juergen"]
[Black "Zuehlke, Burkhard"]
[Result "1-0"]
[WhiteElo "1928"]
[BlackElo "2086"]
[PlyCount "41"]
[EventDate "2014.09.04"]
[EventType "swiss"]
[EventRounds "7"]
[EventCountry "GER"]
[SourceTitle "CBM 162 Extra"]
[Source "ChessBase"]
[SourceDate "2014.10.17"]
[SourceVersion "1"]
[SourceVersionDate "2014.10.17"]
[SourceQuality "1"]

1. d4 Nf6 2. c4 g6 3. Nc3 Bg7 4. e4 d6 5. f3 0-0 6. Be3 a6 7. Nge2 Nbd7 8. Qd2 c5 9. g4 cxd4 10. Nxd4 Ne5 11. Be2 Bd7 12. g5 Ne8 13. f4 Nc6 14. h4 e5 15. Nxc6 Bxc6 16. h5 Qe7 17. hxg6 fxg6 18. c5 h5 19. Bc4+ Kh7 20. f5 gxf5 21. g6+ 1-0

[Event "Mittelfranken-chTB2a 1314"]
[Site "Mittelfranken"]
[Date "2013.10.20"]
[Round "1.6"]
[White "Zeitler, Hans Juergen"]
[Black "Lechner, Hans Dieter"]
[Result "1/2-1/2"]
[WhiteElo "1893"]
[BlackElo "1778"]
[PlyCount "51"]
[EventDate "2013.10.20"]
[EventType "team-tourn"]
[EventRounds "9"]
[EventCountry "GER"]
[SourceTitle "EXT 2020"]
[Source "ChessBase"]
[SourceDate "2019.10.17"]
[SourceVersion "1"]
[SourceVersionDate "2019.10.17"]
[SourceQuality "1"]
[WhiteTeam "Nuernberg SK 1911 II"]
[BlackTeam "Bechhofen II"]
[WhiteTeamCountry "GER"]
[BlackTeamCountry "GER"]

1. d4 d5 2. c4 e6 3. Nf3 Nf6 4. Bg5 Be7 5. Nc3 Nbd7 6. e3 0-0 7. Rc1 c6 8. Bd3 dxc4 9. Bxc4 Nd5 10. Bxe7 Qxe7 11. 0-0 Nxc3 12. Rxc3 e5 13. dxe5 Nxe5 14. Nxe5 Qxe5 15. f4 Qe7 16. f5 b5 17. Bb3 b4 18. f6 gxf6 19. Rxc6 Qxe3+ 20. Kh1 f5 21. Qh5 Qe4 22. Rf6 Bb7 23. Qg5+ Kh8 24. Rxf7 Rxf7 25. Bxf7 Qg4 26. Qxg4 1/2-1/2

[Event "Mittelfranken Mitte-ch 1213"]
[Site "Zirndorf"]
[Date "2013.01.06"]
[Round "7"]
[White "Zeitler, Hans Juergen"]
[Black "Herlan, Klaus Juergen"]
[Result "1/2-1/2"]
[WhiteElo "1878"]
[BlackElo "1895"]
[PlyCount "33"]
[EventDate "2013.01.03"]
[EventType "swiss"]
[EventRounds "7"]
[EventCountry "GER"]
[SourceTitle "EXT 2015"]
[Source "ChessBase"]
[SourceDate "2014.11.20"]
[SourceVersion "1"]
[SourceVersionDate "2014.11.20"]
[SourceQuality "1"]

1. d4 Nf6 2. c4 e6 3. Nf3 d5 4. Bg5 Nbd7 5. Nc3 Be7 6. e3 0-0 7. Rc1 a6 8. Bd3 dxc4 9. Bxc4 c5 10. a4 cxd4 11. exd4 Qa5 12. 0-0 Nb6 13. Bd3 Bd7 14. Ne5 Rfd8 15. Bxh7+ Kf8 16. Bc2 Be8 17. Be3 1/2-1/2

[Event "Mittelfranken Mitte-ch 1213"]
[Site "Zirndorf"]
[Date "2013.01.05"]
[Round "5"]
[White "Klein, Waldemar"]
[Black "Zeitler, Hans Juergen"]
[Result "1/2-1/2"]
[WhiteElo "1921"]
[BlackElo "1878"]
[PlyCount "69"]
[EventDate "2013.01.03"]
[EventType "swiss"]
[EventRounds "7"]
[EventCountry "GER"]
[SourceTitle "EXT 2015"]
[Source "ChessBase"]
[SourceDate "2014.11.20"]
[SourceVersion "1"]
[SourceVersionDate "2014.11.20"]
[SourceQuality "1"]

1. c4 f5 2. d3 Nf6 3. Bg5 e5 4. Nc3 Be7 5. e3 0-0 6. Qc2 c6 7. 0-0-0 d5 8. Bxf6 Bxf6 9. cxd5 cxd5 10. Qb3 Be6 11. Qxb7 Nd7 12. d4 exd4 13. exd4 Qa5 14. Qa6 Qxa6 15. Bxa6 Rab8 16. Nge2 Rb6 17. Bd3 Rfb8 18. Rd2 g6 19. Kb1 Bg5 20. Rc2 R8b7 21. a3 Rb3 22. Ka2 Bf6 23. Rd1 Nc5 24. f3 Bf7 25. Nc1 Bxd4 26. Nxb3 Nxb3 27. Nb5 Be5 28. Kxb3 d4+ 29. Ka4 a6 30. Nc7 Bb3+ 31. Ka5 Bxc2 32. Bxc2 Bxc7+ 33. Ka4 Rxb2 34. Bb3+ Kf8 35. Rxd4 1/2-1/2

[Event "Mittelfranken Mitte-ch 1213"]
[Site "Zirndorf"]
[Date "2013.01.04"]
[Round "2"]
[White "Wagner, Hans1111"]
[Black "Zeitler, Hans Juergen"]
[Result "0-1"]
[WhiteElo "2093"]
[BlackElo "1878"]
[PlyCount "80"]
[EventDate "2013.01.03"]
[EventType "swiss"]
[EventRounds "7"]
[EventCountry "GER"]
[SourceTitle "EXT 2015"]
[Source "ChessBase"]
[SourceDate "2014.11.20"]
[SourceVersion "1"]
[SourceVersionDate "2014.11.20"]
[SourceQuality "1"]

1. e4 c5 2. Nf3 d6 3. d4 cxd4 4. Nxd4 Nf6 5. Nc3 g6 6. Be3 Bg7 7. f3 0-0 8. Qd2 Nc6 9. Bc4 Bd7 10. h4 Rc8 11. Bb3 h5 12. 0-0-0 Ne5 13. Bh6 Bxh6 14. Qxh6 Rxc3 15. bxc3 Qa5 16. g4 Qxc3 17. Kb1 a5 18. g5 Nh7 19. f4 a4 20. Ne2 Qb4 21. Rd4 Qb6 22. fxe5 axb3 23. axb3 Ra8 24. Rf1 Be6 25. Rf6 Nf8 26. exd6 exd6 27. Kb2 Qa5 28. Ra4 Qe5+ 29. Nc3 Rxa4 30. bxa4 Qd4 31. Rf3 Nd7 32. Rd3 Qb4+ 33. Ka1 Ne5 34. Nd5 Bxd5 35. Rxd5 Qxa4+ 36. Kb1 Qb4+ 37. Kc1 Nc4 38. Kd1 Ne3+ 39. Ke2 Nxd5 40. exd5 Qe4+ 0-1

[Event "Mittelfranken Mitte-ch 1213"]
[Site "Zirndorf"]
[Date "2013.01.04"]
[Round "1"]
[White "Zeitler, Hans Juergen"]
[Black "Muenzenberg, Dietrich"]
[Result "1-0"]
[WhiteElo "1878"]
[BlackElo "1617"]
[PlyCount "59"]
[EventDate "2013.01.03"]
[EventType "swiss"]
[EventRounds "7"]
[EventCountry "GER"]
[SourceTitle "EXT 2015"]
[Source "ChessBase"]
[SourceDate "2014.11.20"]
[SourceVersion "1"]
[SourceVersionDate "2014.11.20"]
[SourceQuality "1"]

1. d4 e6 2. c4 f5 3. Nf3 Nf6 4. g3 d5 5. Bg2 c6 6. 0-0 Bd6 7. b3 0-0 8. Ba3 Ne4 9. Bxd6 Qxd6 10. e3 Nd7 11. Qc2 h6 12. Nc3 g5 13. Rad1 b6 14. cxd5 exd5 15. Na4 Ba6 16. Rfe1 Rae8 17. Nb2 Bb7 18. Nd3 a5 19. Nfe5 Nxe5 20. Nxe5 Rxe5 21. dxe5 Qxe5 22. f3 Nf6 23. e4 fxe4 24. fxe4 dxe4 25. Bxe4 Nxe4 26. Rxe4 Qf5 27. Qc4+ Kg7 28. Re7+ Kh8 29. Qc3+ Kg8 30. Qg7# 1-0

[Event "Nuremberg LGA Cup 7th"]
[Site "Nuremberg"]
[Date "2010.09.05"]
[Round "7"]
[White "Zeitler, Hans Juergen"]
[Black "Miller, Eduard"]
[Result "0-1"]
[WhiteElo "1864"]
[BlackElo "2109"]
[PlyCount "86"]
[EventDate "2010.09.02"]
[EventType "swiss"]
[EventRounds "7"]
[EventCountry "GER"]
[SourceTitle "CBM 138 Extra"]
[Source "ChessBase"]
[SourceDate "2010.10.29"]
[SourceVersion "1"]
[SourceVersionDate "2010.10.29"]
[SourceQuality "1"]

1. d4 e6 2. c4 Bb4+ 3. Bd2 Bxd2+ 4. Qxd2 d5 5. Nc3 Nf6 6. Nf3 0-0 7. e3 Nbd7 8. Rc1 Qe7 9. Bd3 dxc4 10. Bxc4 c5 11. 0-0 cxd4 12. exd4 Nb6 13. Bb3 Bd7 14. Ne5 Rfd8 15. Rfd1 Be8 16. Qe3 Nbd5 17. Qf3 h6 18. Nxd5 Nxd5 19. Rc5 Nb6 20. Qe4 Ba4 21. Rdc1 Bxb3 22. axb3 Nd5 23. h3 Rf8 24. Ng6 fxg6 25. Rxd5 Qf7 26. Rd6 Qxf2+ 27. Kh1 Qg3 28. Rxe6 Kh7 29. Re7 Rf2 30. Qxb7 Rg8 31. Qe4 Rgf8 32. Rg1 R8f3 33. Qg4 Rxg2 34. Qxg3 Rgxg3 35. Rc1 Rxh3+ 36. Kg2 Rfg3+ 37. Kf2 Rxb3 38. Rcc7 Rxb2+ 39. Kg1 Rg3+ 40. Kh1 h5 41. Rxg7+ Kh6 42. Rxa7 Rd3 43. Rh7+ Kg5 0-1

[Event "Nuremberg LGA Cup 7th"]
[Site "Nuremberg"]
[Date "2010.09.04"]
[Round "5"]
[White "Zeitler, Hans Juergen"]
[Black "Krawczyk, Harald"]
[Result "1-0"]
[WhiteElo "1970"]
[BlackElo "1723"]
[PlyCount "75"]
[EventDate "2010.09.02"]
[EventType "swiss"]
[EventRounds "7"]
[EventCountry "GER"]
[SourceTitle "CBM 138 Extra"]
[Source "ChessBase"]
[SourceDate "2010.10.29"]
[SourceVersion "1"]
[SourceVersionDate "2010.10.29"]
[SourceQuality "1"]

1. d4 d5 2. c4 c6 3. Nf3 Nf6 4. Nc3 e6 5. Bg5 Be7 6. e3 Nbd7 7. Rc1 0-0 8. Bd3 h6 9. Bh4 Re8 10. 0-0 c5 11. cxd5 exd5 12. dxc5 Nxc5 13. Bb1 Nce4 14. Nb5 Nd7 15. Bxe7 Rxe7 16. Nc7 Ndf6 17. Nxa8 Bg4 18. Bxe4 Nxe4 19. h3 Be6 20. Qc2 Qxa8 21. Nd4 Qf8 22. Qa4 Qb8 23. Rc2 Bd7 24. Qb3 Qe5 25. Qa3 Qg5 26. Nf3 Qf6 27. Kh2 Ng5 28. Nxg5 Qxg5 29. f4 Qf6 30. Qxa7 Bxh3 31. gxh3 g5 32. Qd4 Qd6 33. Rc8+ Kh7 34. Rh8+ Kg6 35. Kg2 Re4 36. f5+ Kh5 37. Qd1+ g4 38. Rf4 1-0

[Event "Nuremberg LGA Cup 7th"]
[Site "Nuremberg"]
[Date "2010.09.02"]
[Round "1"]
[White "Zeitler, Hans Juergen"]
[Black "Heidrich, Manfred"]
[Result "0-1"]
[WhiteElo "1970"]
[BlackElo "2316"]
[PlyCount "98"]
[EventDate "2010.09.02"]
[EventType "swiss"]
[EventRounds "7"]
[EventCountry "GER"]
[SourceTitle "CBM 138 Extra"]
[Source "ChessBase"]
[SourceDate "2010.10.29"]
[SourceVersion "1"]
[SourceVersionDate "2010.10.29"]
[SourceQuality "1"]

1. d4 f5 2. c4 Nf6 3. Nf3 g6 4. g3 Bg7 5. Bg2 d6 6. 0-0 0-0 7. Nc3 Nc6 8. d5 Ne5 9. Nxe5 dxe5 10. e4 e6 11. Bg5 h6 12. Bxf6 Bxf6 13. Qb3 Qe7 14. dxe6 c6 15. exf5 gxf5 16. Qc2 Bxe6 17. b3 Rad8 18. Rad1 Bg7 19. f3 Qc5+ 20. Kh1 b5 21. cxb5 cxb5 22. Rc1 Rc8 23. Qb1 a6 24. Ne4 Qb6 25. Nf2 Rxc1 26. Qxc1 Rc8 27. Qd2 Rd8 28. Qe2 Qc5 29. h4 Bf6 30. Kh2 Kf7 31. Re1 Qc3 32. Rd1 Rxd1 33. Nxd1 Qd4 34. Qc2 Be7 35. Qe2 f4 36. g4 Bxh4 37. Nb2 Bg3+ 38. Kh1 Bf2 39. Nd3 Be3 40. Qf1 Kg7 41. Qe2 Qc3 42. Bf1 Bf7 43. Qb2 Qxb2 44. Nxb2 Bd5 45. Be2 e4 46. Kg2 Kf6 47. Nd1 Bd4 48. fxe4 Bxe4+ 49. Bf3 Ke5 0-1

[Event "Nuremberg LGA Cup 6th"]
[Site "Nuremberg"]
[Date "2009.09.04"]
[Round "3"]
[White "Zeitler, Hans Juergen"]
[Black "Walch, Roger"]
[Result "0-1"]
[WhiteElo "2032"]
[BlackElo "1738"]
[PlyCount "52"]
[EventDate "2009.09.03"]
[EventType "swiss"]
[EventRounds "7"]
[EventCountry "GER"]
[SourceTitle "CBM 132 Extra"]
[Source "ChessBase"]
[SourceDate "2009.11.03"]
[SourceVersion "1"]
[SourceVersionDate "2009.11.03"]
[SourceQuality "1"]

1. d4 Nf6 2. c4 e5 3. dxe5 Ne4 4. Nf3 Nc6 5. a3 a5 6. Qc2 d5 7. exd6 Bf5 8. Qd1 Bxd6 9. e3 Qf6 10. Be2 0-0-0 11. Qb3 Nc5 12. Qa2 Bc2 13. Nbd2 a4 14. 0-0 Nb3 15. Ne1 Nxa1 16. Qxa1 Bf5 17. Nef3 g5 18. e4 g4 19. exf5 gxf3 20. Ne4 Bxh2+ 21. Kh1 Qh4 22. Bg5 fxg2+ 23. Kxg2 Qxe4+ 24. Bf3 Qxf5 25. Bxd8 Rg8+ 26. Kxh2 Qxf3 0-1

[Event "Nuremberg LGA Cup 5th"]
[Site "Nuremberg"]
[Date "2008.09.05"]
[Round "2"]
[White "Walch, Roger"]
[Black "Zeitler, Hans Juergen"]
[Result "0-1"]
[WhiteElo "1759"]
[BlackElo "2048"]
[PlyCount "58"]
[EventDate "2008.09.04"]
[EventType "swiss"]
[EventRounds "7"]
[EventCountry "GER"]
[SourceTitle "CBM 126 Extra"]
[Source "ChessBase"]
[SourceDate "2008.11.05"]
[SourceVersion "1"]
[SourceVersionDate "2008.11.05"]
[SourceQuality "1"]

1. e4 c5 2. Nf3 d6 3. d4 cxd4 4. Nxd4 Nf6 5. Nc3 g6 6. f3 Bg7 7. Be3 0-0 8. Qd2 Nc6 9. 0-0-0 d5 10. Bh6 Bxh6 11. Qxh6 Nxd4 12. Rxd4 e5 13. Rd2 d4 14. Be2 Qa5 15. Nb1 Be6 16. h4 Rfc8 17. Bd3 Rc5 18. h5 Nxh5 19. g4 Nf6 20. g5 Nh5 21. Rdh2 Rac8 22. Kd1 Qxa2 23. Nd2 Qxb2 24. Rxh5 gxh5 25. Rxh5 Rxc2 26. Qxh7+ Kf8 27. Qh6+ Ke8 28. Bxc2 Rxc2 29. g6 Qc1+ 0-1

[Event "Nuremberg LGA Cup 4th"]
[Site "Nuremberg"]
[Date "2007.09.06"]
[Round "1"]
[White "Zeitler, Hans Juergen"]
[Black "Baramidze, David"]
[Result "0-1"]
[WhiteElo "2052"]
[BlackElo "2569"]
[PlyCount "94"]
[EventDate "2007.09.06"]
[EventType "swiss"]
[EventRounds "7"]
[EventCountry "GER"]
[SourceTitle "CBM 120 Extra"]
[Source "ChessBase"]
[SourceDate "2007.11.01"]
[SourceVersion "1"]
[SourceVersionDate "2007.11.01"]
[SourceQuality "1"]

1. d4 d5 2. c4 c6 3. Nf3 Nf6 4. Nc3 dxc4 5. e3 g6 6. Bxc4 Bg7 7. 0-0 0-0 8. h3 Nbd7 9. Qc2 c5 10. Rd1 cxd4 11. exd4 Nb6 12. Bb3 Nbd5 13. Nxd5 Nxd5 14. Bg5 Be6 15. Qe4 Rc8 16. Rac1 Qd6 17. Rc5 Rfd8 18. Rdc1 Rxc5 19. Rxc5 b6 20. Rc1 h6 21. Bh4 f5 22. Qe2 g5 23. Bg3 f4 24. Bh2 Bf7 25. Qe4 Bg6 26. Bxd5+ Kh7 27. Qe6 Qxd5 28. Qxe7 Rd7 29. Qe2 Be4 30. h4 Bxf3 31. gxf3 Qxd4 32. hxg5 hxg5 33. Qe8 Qd5 34. Kg2 Qf7 35. Qe4+ Qg6 36. Qa4 Qf5 37. Rh1 Kg6 38. Qc6+ Bf6 39. Qc8 Rh7 40. Qe8+ Kg7 41. Rd1 Qh3+ 42. Kg1 Qxh2+ 43. Kf1 Qh3+ 44. Ke2 Qf5 45. Rd7+ Kh6 46. Qf8+ Rg7 47. Qh8+ Qh7 0-1

[Event "Nuremberg LGA Cup 3rd"]
[Site "Nuremberg"]
[Date "2006.09.08"]
[Round "2.33"]
[White "Aronov, Maksym"]
[Black "Zeitler, Hans Juergen"]
[Result "1-0"]
[WhiteElo "2322"]
[BlackElo "2068"]
[PlyCount "67"]
[EventDate "2006.09.07"]
[EventType "swiss"]
[EventRounds "7"]
[EventCountry "GER"]
[SourceTitle "EXT 2022"]
[Source "ChessBase"]
[SourceDate "2021.10.06"]
[SourceVersion "1"]
[SourceVersionDate "2021.10.06"]
[SourceQuality "1"]

1. e4 c5 2. Nf3 d6 3. Bb5+ Bd7 4. c4 Nf6 5. Nc3 e5 6. 0-0 Be7 7. d3 0-0 8. Bg5 Bg4 9. h3 Be6 10. a3 Nc6 11. Bxc6 bxc6 12. b4 Nd7 13. Bxe7 Qxe7 14. Qd2 Rfb8 15. Ne1 Rb7 16. Nc2 Rab8 17. Ne3 Qg5 18. Kh1 Nf6 19. b5 cxb5 20. cxb5 Nh5 21. Nc4 Qh4 22. Qe3 Nf4 23. a4 Bxh3 24. gxh3 Nxh3 25. Qg3 Nxf2+ 26. Kg2 Qxg3+ 27. Kxg3 Nxd3 28. Rfd1 Nf4 29. Rxd6 Ne6 30. Nxe5 Nd4 31. Nc6 Nxc6 32. bxc6 Rb3 33. c7 Rxc3+ 34. Kg2 1-0

[Event "Nuremberg LGA Cup 2nd"]
[Site "Nuremberg"]
[Date "2005.09.11"]
[Round "7.32"]
[White "Sippl, Martin"]
[Black "Zeitler, Hans Juergen"]
[Result "1-0"]
[WhiteElo "1937"]
[BlackElo "1945"]
[PlyCount "55"]
[EventDate "2005.09.08"]
[EventType "swiss"]
[EventRounds "7"]
[EventCountry "GER"]
[SourceTitle "EXT 2022"]
[Source "ChessBase"]
[SourceDate "2021.10.06"]
[SourceVersion "1"]
[SourceVersionDate "2021.10.06"]
[SourceQuality "1"]

1. e4 c5 2. Nf3 d6 3. d4 cxd4 4. Nxd4 Nf6 5. Nc3 g6 6. Be3 Bg7 7. f3 0-0 8. Bc4 Nc6 9. Qd2 Bd7 10. g4 Rc8 11. Bb3 Ne5 12. 0-0-0 Nc4 13. Bxc4 Rxc4 14. h4 h5 15. gxh5 Nxh5 16. Nb3 b5 17. Bh6 a5 18. Nd5 a4 19. Bxg7 Kxg7 20. Nd4 e6 21. Ne3 Rc5 22. Ne2 Rc6 23. Ng4 Qc7 24. Qh6+ Kg8 25. Ng3 Rxc2+ 26. Kb1 a3 27. Rc1 Rc8 28. Nxh5 1-0

[Event "Nuremberg LGA Cup 2nd"]
[Site "Nuremberg"]
[Date "2005.09.09"]
[Round "3.25"]
[White "Zeitler, Hans Juergen"]
[Black "Bauer, Andreas"]
[Result "1/2-1/2"]
[WhiteElo "1945"]
[BlackElo "2110"]
[PlyCount "71"]
[EventDate "2005.09.08"]
[EventType "swiss"]
[EventRounds "7"]
[EventCountry "GER"]
[SourceTitle "EXT 2022"]
[Source "ChessBase"]
[SourceDate "2021.10.06"]
[SourceVersion "1"]
[SourceVersionDate "2021.10.06"]
[SourceQuality "1"]

1. d4 d5 2. c4 Nc6 3. Nf3 Bg4 4. e3 e6 5. Qb3 Bxf3 6. gxf3 Bb4+ 7. Bd2 Bxd2+ 8. Nxd2 Nge7 9. cxd5 Qxd5 10. Bc4 Qa5 11. Bb5 0-0-0 12. Rc1 a6 13. Bxc6 Nxc6 14. Rc5 Qb4 15. a3 Qxb3 16. Nxb3 Rd5 17. Rxd5 exd5 18. Rg1 g6 19. Rg5 f5 20. h4 b6 21. h5 Ne7 22. Nc1 Kd7 23. Nd3 Ke6 24. hxg6 hxg6 25. Rg1 a5 26. Ke2 Kf6 27. f4 Rc8 28. Ne5 Ke6 29. Rg3 Rg8 30. Kd3 c5 31. a4 c4+ 32. Kc3 Kd6 33. Nf7+ Ke6 34. Ne5 Kd6 35. Nf7+ Ke6 36. Ne5 1/2-1/2

[Event "Nuremberg-ch op 05th"]
[Site "Nuremberg"]
[Date "2005.05.06"]
[Round "1"]
[White "Zeitler, Hans Juergen"]
[Black "Walter, Florian"]
[Result "1-0"]
[WhiteElo "2052"]
[BlackElo "1499"]
[PlyCount "85"]
[EventDate "2005.05.06"]
[EventType "swiss"]
[EventRounds "5"]
[EventCountry "GER"]
[SourceTitle "EXT 2007"]
[Source "ChessBase"]
[SourceDate "2006.11.23"]
[SourceVersion "1"]
[SourceVersionDate "2006.11.23"]
[SourceQuality "1"]

1. d4 Nf6 2. c4 g6 3. Nc3 Bg7 4. e4 d6 5. f3 0-0 6. Be3 Nbd7 7. Qd2 e5 8. Nge2 Ne8 9. d5 f5 10. Bg5 Bf6 11. Bh6 Bg7 12. Bxg7 Nxg7 13. exf5 gxf5 14. 0-0-0 f4 15. g4 Qh4 16. Ne4 Nf6 17. N2c3 Nxe4 18. Nxe4 h5 19. gxh5 Qxh5 20. Qf2 Bf5 21. Bd3 Bxe4 22. Bxe4 Nf5 23. Rdg1+ Kf7 24. Qc2 Ke7 25. c5 Rf7 26. h4 Rh8 27. Rh2 Nd4 28. cxd6+ Kxd6 29. Qc3 Rf6 30. Qb4+ Kd7 31. Rg7+ Rf7 32. Rhg2 Ne2+ 33. Kd2 Ng3 34. Rxf7+ Qxf7 35. Qxb7 Nxe4+ 36. fxe4 Rxh4 37. Qc6+ Kd8 38. Qa8+ Ke7 39. Rg8 Rh2+ 40. Kd3 Rh3+ 41. Kc4 Kd6 42. Qd8+ Qd7 43. Rg6# 1-0

[Event "Mittelfranken-ch HT 52nd"]
[Site "Uttenreuth"]
[Date "2003.04.15"]
[Round "1"]
[White "Zeitler, Hans Juergen"]
[Black "Schloetterer, Hermann"]
[Result "0-1"]
[WhiteElo "1901"]
[BlackElo "2135"]
[PlyCount "65"]
[EventDate "2003.04.15"]
[EventType "swiss"]
[EventRounds "9"]
[EventCountry "GER"]
[SourceTitle "EXT 2011"]
[Source "ChessBase"]
[SourceDate "2010.11.26"]
[SourceVersion "1"]
[SourceVersionDate "2010.11.26"]
[SourceQuality "1"]

1. d4 Nf6 2. c4 c5 3. d5 b5 4. cxb5 a6 5. Nc3 g6 6. e4 d6 7. Nf3 Bg7 8. bxa6 0-0 9. Bc4 Bxa6 10. Qe2 Qa5 11. 0-0 Bxc4 12. Qxc4 Nbd7 13. Nd2 Rfb8 14. Qe2 h5 15. Nc4 Qa6 16. Bd2 Ng4 17. b3 Nde5 18. Nxe5 Bxe5 19. Qxa6 Rxa6 20. h3 Nf6 21. Rfe1 c4 22. Rac1 cxb3 23. axb3 Rxb3 24. Nd1 Ra4 25. f3 Rd3 26. Be3 Ra2 27. Bf2 Nd7 28. Rb1 Rdd2 29. Rc1 Nc5 30. Rf1 Bd4 31. Rb1 Nd3 32. Rb8+ Kh7 33. Rh8+ 0-1

[Event "Mittelfranken-ch QT 51st"]
[Site "Zirndorf"]
[Date "2002.??.??"]
[Round "5"]
[White "Herbst, Thomas"]
[Black "Zeitler, Hans Juergen"]
[Result "1/2-1/2"]
[WhiteElo "1930"]
[BlackElo "1922"]
[PlyCount "80"]
[EventDate "2002.03.27"]
[EventType "swiss"]
[EventRounds "7"]
[EventCountry "GER"]
[SourceTitle "EXT 2015"]
[Source "ChessBase"]
[SourceDate "2014.11.20"]
[SourceVersion "1"]
[SourceVersionDate "2014.11.20"]
[SourceQuality "1"]

1. Nf3 f5 2. g3 Nf6 3. Bg2 g6 4. 0-0 Bg7 5. d4 0-0 6. b3 d6 7. Bb2 Ne4 8. Nbd2 Nc6 9. c4 e5 10. d5 Nxd2 11. Qxd2 Ne7 12. Rad1 h6 13. Qc1 b6 14. b4 a5 15. a3 axb4 16. axb4 Bd7 17. Qc3 Qe8 18. Ra1 Qf7 19. e3 g5 20. Rxa8 Rxa8 21. Ra1 Qf8 22. Nd2 Rxa1+ 23. Bxa1 Qa8 24. Bb2 Qa4 25. Qb3 Qxb3 26. Nxb3 Ba4 27. Nd2 e4 28. Bxg7 Kxg7 29. f3 exf3 30. Nxf3 Bd7 31. Kf2 Kf6 32. Ke2 Ng6 33. Kd3 Ne5+ 34. Kd4 Nxf3+ 35. Bxf3 Be8 36. Be2 h5 37. Bd1 h4 38. Be2 hxg3 39. hxg3 Bg6 40. Bd1 Be8 1/2-1/2